000 00718nam a2200205 a 4500
005 20260112063306.0
020 _a9780930242596
020 _a0930242599
039 _a202110261111
_bstaff
_c201211190430
_d staff
_c201107130532
_d staff
_y 201107120219
_z staff
082 _a658.4
_bDID [ Shelf 51 ]
100 _aDidsbury Jr., Howard F
245 _aThinking Creatively in Turbulent Times/
_cHoward F. Didsbury Jr.
260 _aBethesda,Maryland:
_bWorld Future Society,
_c2004.
300 _axviii, 349 p.:
_bTables, Fig.,
_c24 cm.
650 _aStrategic planning
650 _aBusiness planning
991 _aVIRTUA40
991 _aVTLSSORT0080*0200*0201*0820*1000*2450*2600*3000*6500*6501*9992
909 _a4037
999 _c3578
_d3578